000 00486nam a22001817a 4500
003 OSt
005 20260407064955.0
008 260407b |||||||| |||| 00| 0 eng d
020 _a0-8439-2194-3
040 _aDWC-Main lib.
_cOC
082 _aFic. H361 1985
100 _aHatcher, Robin Lee
245 _aThorn of love/
_cRobin Lee Hatcher
260 _aNew York :
_bLeisure Books,
_cc1985.
300 _a475 p. ;
_c17 cm.
650 _a1. Fiction.
942 _2ddc
_cFIC.
_hFic.
_n0
999 _c9320
_d9320